00780nam a22001937a 4500003000900000008004100009040007100050082001700121100001900138245015000157260003200307300001100339440004100350505011200391650002300503650002000526650001600546650002400562AR-CdUCM190514b ||||| |||| 00| 0 spa d aMUNICIPALIDAD PROVINCIAL DEL CUSCOcBIBLIOTECA MUNICIPAL DEL CUSCO a133.8 /bJ15 aJagot, Paul C. aMétodo científico moderno de magnetismo, Hipnotismo sugestión :bComo hacer reaccionar la actividad nerviosa sobre los órganos enfermos / aBuenos Aires :bTor,c1958. c18 cm. aEnciclopedia del hombre que triunfa. aContenido : t. 3 : Introducción a la medicina -- Malestares no consecutivas a una afección crónica... aCultura psíquica aAutosugestión aAlcoholismo aLa potencial del Yo